| 000 | 00438nam a2200193Ia 4500 | ||
|---|---|---|---|
| 005 | 20251020182530.0 | ||
| 008 | 200515s9999 xx 000 0 und d | ||
| 082 | _a698.36/P32 | ||
| 100 | _aPAYA, Miguel | ||
| 245 | 0 | _aAislamiento térmico y acústico | |
| 250 | _a9a ed. | ||
| 260 | _aBarcelona | ||
| 260 | _c1978 | ||
| 500 | _a1 ejemplar | ||
| 650 | _aACUSTICA | ||
| 650 | _aAISLAMIENTO TERMICO | ||
| 650 | _aLIB | ||
| 942 | _cLIB | ||
| 999 |
_c2047 _d2047 |
||